000
00292nam a22001337a 4500
008
170203b xxu||||| |||| 00| 0 eng d
020
_a
1880696148
041
_a
eng
080
_2
7TH
_a
61
100
_a
3
101
_a
61
245
_a
ATLA STUDET COURSE MANUAL
_c
DAVID HOYT
942
_2
udc
_c
BK
999
_c
4545
_d
4545